JONS (Record no. 85815)

MARC details
000 -LEADER
campo de control de longitud fija 00669nam a2200193 i 4500
001 - NÚMERO DE CONTROL
campo de control 85815
003 - IDENTIFICADOR DE NÚMERO DE CONTROL
campo de control ES-MaACL
005 - FECHA Y HORA DE LA ÚLTIMA TRANSACCIÓN
campo de control 20250925162404.0
007 - CAMPO FIJO DE DESCRIPCIÓN FÍSICA--INFORMACIÓN GENERAL
campo de control de longitud fija t|
008 - DATOS DE LONGITUD FIJA--INFORMACIÓN GENERAL
campo de control de longitud fija 041202s1943 sp ||||1| spa d
110 2# - ENTRADA PRINCIPAL--NOMBRE DE ENTIDAD CORPORATIVA
Nombre de entidad corporativa o nombre de jurisdicción como elemento de entrada Juntas de Ofensiva Nacional-Sindicalista.
9 (RLIN) 5424
245 10 - MENCIÓN DEL TÍTULO
Título JONS
Resto del título : organo teórico de las Juntas de Ofensiva Nacional Sindicalista /
Mención de responsabilidad, etc. antología y prólogo de Juan Aparicio.
250 ## - MENCION DE EDICION
Mención de edición 2ª ed.
260 ## - PUBLICACIÓN, DISTRIBUCIÓN, ETC.
Lugar de publicación, distribución, etc. [Madrid] :
Nombre del editor, distribuidor, etc. Editorial Nacional,
Fecha de publicación, distribución, etc. 1943 (
Lugar de fabricación/manufactura Alcalá de Henares :
Fabricante Talleres Penitenciarios)
300 ## - DESCRIPCIÓN FÍSICA
Extensión XIX, 410 p. ;
Dimensiones 22 cm.
700 1# - ENTRADA AGREGADA--NOMBRE PERSONAL
Nombre de persona Aparicio, Juan,
Fechas asociadas al nombre 1906-
9 (RLIN) 22051
852 ## - LOCALIZACIÓN
Ubicación ES-MaACL
Número de control de estantería F-16201
Holdings
Estatus retirado Estado de pérdida Estado de daño No para préstamo Biblioteca de origen Biblioteca actual Ubicación en estantería Fecha de adquisición Fuente de adquisición Total de préstamos Signatura topográfica completa Código de barras Visto por última vez Precio de reemplazo Tipo de ítem Koha
        Biblioteca del Ateneo de Madrid Biblioteca del Ateneo de Madrid Sala Pecera Planta 2 17/01/2008     F-16201 1089679 23/02/2023 23/02/2023 Libro impreso